10s Pop Hits - 100 Songs - Statistics

General Stats
  • This quiz has been taken 74 times
  • The average score is 47 of 100
Answer Stats
Hint Answer % Correct
Bad Romance Lady Gaga
91%
Habits (Stay High) Tove Lo
91%
7 Rings Ariana Grande
89%
Just The Way You Are Bruno Mars
89%
Chandelier Sia
89%
Teenage Dream Katy Perry
86%
Party In The USA Miley Cyrus
86%
I Knew You Were Trouble. Taylor Swift
86%
Call Me Maybe Carly Rae Jepsen
85%
Shape of You Ed Sheeran
85%
Royals Lorde
85%
Gangnam Style PSY
83%
Someone Like You Adele
82%
Havana (ft. Young Thug) Camila Cabello
80%
Super Bass Nicki Minaj
78%
Love The Way You Lie (ft. Rihanna) Eminem
77%
Believer Imagine Dragons
75%
Happy Pharrell Williams
75%
All About That Bass Meghan Trainor
74%
Closer (ft. Halsey) The Chainsmokers
74%
Wake Me Up Avicii
72%
Take Me To Church Hozier
72%
All Of Me John Legend
72%
Counting Stars OneRepublic
72%
Can't Feel My Face The Weeknd
72%
Old Town Road (ft. Billy Ray Cyrus) Lil Nas X
71%
Sunflower (ft. Swae Lee) Post Malone
71%
Sweet But Psycho Ava Max
69%
New Rules Dua Lipa
69%
On The Floor (ft. Pitbull) Jennifer Lopez
66%
Stressed Out Twenty One Pilots
66%
Boyfriend Justin Bieber
65%
Somebody That I Used To Know (ft. Kimbra) Gotye
63%
We R Who We R Kesha
63%
Night Changes One Direction
63%
California King Bed Rihanna
63%
Titanium (ft. Sia) David Guetta
62%
Stay With Me Sam Smith
60%
Love Me Like You Do Ellie Goulding
58%
Whistle Flo Rida
57%
We Are Young (ft. Janelle Monáe) fun.
57%
Sexy And I Know It LMFAO
57%
Hotel Room Service Pitbull
57%
Fancy (ft. Charli XCX) Iggy Azalea
55%
Summer Calvin Harris
54%
Drive By Train
54%
Sorry Not Sorry Demi Lovato
52%
Work From Home (ft. Ty Dolla $ign) Fifth Harmony
52%
One More Night Maroon 5
52%
Let Her Go Passenger
52%
Dynamite Taio Cruz
52%
Before He Cheats Carrie Underwood
51%
Without Me Halsey
51%
Rude Magic!
51%
Happier (ft. Bastille) Marshmello
49%
Ho Hey The Lumineers
49%
Why'd You Only Call Me When You're High? Arctic Monkeys
48%
7 Years Lukas Graham
48%
Let It Go Idina Menzel
45%
Youngblood 5 Seconds of Summer
38%
Need You Now Lady A
37%
Trap Queen Fetty Wap
34%
Feel It Still Portugal. The Man
34%
Forget You CeeLo Green
32%
Stereo Hearts (ft. Adam Levine) Gym Class Heroes
32%
Want To Want Me Jason Derulo
32%
Ain't It Fun Paramore
32%
Glad You Came The Wanted
31%
Best Day Of My Life American Authors
28%
Classic MKTO
28%
Till The World Ends Britney Spears
26%
Breakeven The Script
26%
Safe And Sound Capital Cities
23%
Stolen Dance Milky Chance
23%
Sail AWOLNATION
22%
I Will Wait Mumford & Sons
22%
Mercy Duffy
20%
Love You Like A Love Song Selena Gomez & The Scene
20%
Empire Shakira
18%
Turn Down For What (ft. Lil Jon) DJ Snake
17%
Am I Wrong Nico & Vinz
17%
Beautiful Monster Ne-Yo
15%
If I Die Young The Band Perry
15%
Me And My Broken Heart Rixton
14%
Got 2 Luv U (ft. Alexis Jordan) Sean Paul
12%
I Need A Dollar Aloe Blacc
11%
Tonight Tonight Hot Chelle Rae
11%
Too Close Alex Clare
9%
Don't Hold Your Breath Nicole Scherzinger
6%
Party All Night (Sleep All Day) Sean Kingston
5%
Black Heart Stooshe
5%
Heatwave (ft. Ms. D) Wiley
5%
Under The Sun Cheryl
3%
Changed The Way You Kiss Me Example
3%
Dedication To My Ex (Miss That) (ft. André 3000 & Lil Wayne) Lloyd
3%
How We Roll (ft. Tanya Lacey) Loick Essien
3%
Skip To The Good Bit Rizzle Kicks
3%
Blind Faith (ft. Liam Bailey) Chase & Status
2%
Broken Record Katy B
2%
Finish Line Yasmin
2%
No matching quizzes found
Score Distribution
Percent of People with Each Score
Percentile by Number Answered
Your Score History
You have not taken this quiz